<?xml version="1.0" encoding="UTF-8"?>
<record
    xmlns:xsi="http://www.w3.org/2001/XMLSchema-instance"
    xsi:schemaLocation="http://www.loc.gov/MARC21/slim http://www.loc.gov/standards/marcxml/schema/MARC21slim.xsd"
    xmlns="http://www.loc.gov/MARC21/slim">

  <leader>00835cam a2200253 a 4500</leader>
  <controlfield tag="001">000005500</controlfield>
  <controlfield tag="005">20200929151707.0</controlfield>
  <controlfield tag="008">981022s1998    sp a     b    001|0 spa  </controlfield>
  <datafield tag="020" ind1=" " ind2=" ">
    <subfield code="a">8437616530</subfield>
  </datafield>
  <datafield tag="040" ind1=" " ind2=" ">
    <subfield code="a">DO-SdBNP</subfield>
    <subfield code="c">DLC</subfield>
    <subfield code="d">DLC</subfield>
  </datafield>
  <datafield tag="082" ind1=" " ind2=" ">
    <subfield code="a">861.6</subfield>
    <subfield code="b">V714p</subfield>
  </datafield>
  <datafield tag="100" ind1="1" ind2=" ">
    <subfield code="a">Villal&#xF3;n, Fernando,</subfield>
    <subfield code="d">1881-1930.</subfield>
    <subfield code="9">15584</subfield>
  </datafield>
  <datafield tag="245" ind1="1" ind2="0">
    <subfield code="a">Poes&#xED;as completas /</subfield>
    <subfield code="c">Fernando Villal&#xF3;n ; edici&#xF3;n, Jacques Issorel.</subfield>
  </datafield>
  <datafield tag="260" ind1=" " ind2=" ">
    <subfield code="a">Madrid :</subfield>
    <subfield code="b">C&#xE1;tedra,</subfield>
    <subfield code="c">1998.</subfield>
  </datafield>
  <datafield tag="300" ind1=" " ind2=" ">
    <subfield code="a">406 p. :</subfield>
    <subfield code="b">il. ;</subfield>
    <subfield code="c">18 cm.</subfield>
  </datafield>
  <datafield tag="490" ind1="1" ind2=" ">
    <subfield code="a">Letras hisp&#xE1;nicas</subfield>
    <subfield code="v">450</subfield>
  </datafield>
  <datafield tag="650" ind1=" " ind2="4">
    <subfield code="a">Poes&#xED;a espa&#xF1;ola</subfield>
    <subfield code="9">631</subfield>
  </datafield>
  <datafield tag="650" ind1=" " ind2="4">
    <subfield code="a">Literatura espa&#xF1;ola</subfield>
    <subfield code="9">632</subfield>
  </datafield>
  <datafield tag="600" ind1="1" ind2="4">
    <subfield code="a">VILLAL&#xD3;N, FERNANDO,</subfield>
    <subfield code="d">1881-1930</subfield>
    <subfield code="x">CR&#xCD;TICA E INTERPRETACI&#xD3;N</subfield>
    <subfield code="9">15585</subfield>
  </datafield>
  <datafield tag="700" ind1="1" ind2=" ">
    <subfield code="a">Issorel, Jacques,</subfield>
    <subfield code="e">ed.</subfield>
    <subfield code="9">15586</subfield>
  </datafield>
  <datafield tag="830" ind1=" " ind2="0">
    <subfield code="a">Letras Hisp&#xE1;nicas ;</subfield>
    <subfield code="v">450</subfield>
    <subfield code="9">4208</subfield>
  </datafield>
  <datafield tag="910" ind1=" " ind2=" ">
    <subfield code="a">Catalogaci&#xF3;n por copia / LC</subfield>
  </datafield>
  <datafield tag="910" ind1=" " ind2=" ">
    <subfield code="a">WM</subfield>
  </datafield>
  <datafield tag="952" ind1=" " ind2=" ">
    <subfield code="0">0</subfield>
    <subfield code="1">0</subfield>
    <subfield code="5">2</subfield>
    <subfield code="7">0</subfield>
    <subfield code="8">MO</subfield>
    <subfield code="a">GR</subfield>
    <subfield code="b">GR</subfield>
    <subfield code="c">HD</subfield>
    <subfield code="d">2009-08-19</subfield>
    <subfield code="i">LF1</subfield>
    <subfield code="l">0</subfield>
    <subfield code="o">861.6 V714p</subfield>
    <subfield code="p">5500-10</subfield>
    <subfield code="r">2020-06-25</subfield>
    <subfield code="w">2020-06-25</subfield>
    <subfield code="y">2</subfield>
    <subfield code="Z">Pr&#xE9;stamo interno</subfield>
  </datafield>
  <datafield tag="999" ind1=" " ind2=" ">
    <subfield code="c">5299</subfield>
    <subfield code="d">5299</subfield>
  </datafield>
</record>
